Normal view
MARC view
- Dr. Shaji James P (Guide)
Entry Personal Name
001 - CONTROL NUMBER
- control field: 2143
003 - CONTROL NUMBER IDENTIFIER
- control field: OSt
005 - DATE AND TIME OF LATEST TRANSACTION
- control field: 20171116164934.0
008 - FIXED-LENGTH DATA ELEMENTS
- fixed length control field: 171116|| aca||aabn | a|a d
040 ## - CATALOGING SOURCE
- Original cataloging agency: OSt
- Transcribing agency: OSt
100 ## - HEADING--PERSONAL NAME
- Personal name: Dr. Shaji James P (Guide)
670 ## - SOURCE DATA FOUND
- Source citation: Work cat.: (OSt)14878: ATHUL CHANDRAN K 2131, DEVELOPMENT OF ATTACHMENTS FOR FOUR-WHEEL RIDING TYPE RICE TRANSPLANTER
